Joel: Saptuam' Laisiangthou Hilhchetna / (Record no. 7893)

MARC details
000 -LEADER
fixed length control field 00534nam a22001697a 4500
003 - CONTROL NUMBER IDENTIFIER
control field GBCCL
005 - DATE AND TIME OF LATEST TRANSACTION
control field 20241126110639.0
008 - FIXED-LENGTH DATA ELEMENTS--GENERAL INFORMATION
fixed length control field 181108b ||||| |||| 00| 0 eng d
040 ## - CATALOGING SOURCE
Transcribing agency GBC
082 ## - DEWEY DECIMAL CLASSIFICATION NUMBER
Classification number 224.707
Item number HAT
100 ## - MAIN ENTRY--PERSONAL NAME
Personal name Hatlang, Gouzakap
9 (RLIN) 13766
245 ## - TITLE STATEMENT
Title Joel: Saptuam' Laisiangthou Hilhchetna /
Statement of responsibility, etc. Gouzakap Hatlang
260 ## - PUBLICATION, DISTRIBUTION, ETC.
Place of publication, distribution, etc. New Lamka:
Name of publisher, distributor, etc. Evangelical Convention Church,
Date of publication, distribution, etc. 1997
300 ## - PHYSICAL DESCRIPTION
Extent 55 p.
Dimensions 13.5 cm x 21 cm
650 ## - SUBJECT ADDED ENTRY--TOPICAL TERM
Source of heading or term Bible - OT - Joel - Commentary
Topical term or geographic name entry element Sunday School Lessions - EBC
9 (RLIN) 13767
942 ## - ADDED ENTRY ELEMENTS (KOHA)
Source of classification or shelving scheme Dewey Decimal Classification
Koha item type Books
Koha issues (borrowed), all copies 1
Holdings
Withdrawn status Lost status Source of classification or shelving scheme Damaged status Not for loan Home library Current Library Shelving location Date acquired Total checkouts Full call number Barcode Date last seen Date last checked out Copy number Price effective from Koha item type
    Dewey Decimal Classification     GRACE BIBLE COLLEGE GRACE BIBLE COLLEGE Vernacular 2018-11-08 1 VER 224.707 HAT 005368 2025-05-01 2023-03-13 c.1 2018-11-08 Books
© Grace Bible College Library 2025